Kluci z Tommenu. Saving 6 /

Volné pokračování young adult milostné série se zaměřením na psychické zdraví mladistvých, v níž se kluci z Tommenu potýkají s prvními láskami i vážnými problémy.

Uloženo v:
Série:Kluci z Tommenu, část 3
Hlavní autor: Walsh, Chloe (Autor)
Další autoři: Milotová, Jana, 1989- (Autor)
Médium: Kniha
Jazyk:Czech
Vydáno: Praha : Euromedia Group, 2026
Vydání:Vydání první
Edice:Yoli
Témata:
Celkem bylo vypůjčeno:0x
Příbuzné jednotky:Z cyklu:: Kluci z Tommenu
Tagy:
Žádné tagy
LEADER 02901nam a2200577 i 4500
001 106328
003 CZ PrNK
005 20260513095054.0
007 ta
008 260505s2026 xr e 000 f cze
015 |a cnb003750332 
020 |a 9788028411077  |q (brožováno) 
040 |a ABG001  |b cze  |e rda 
041 1 |a cze  |h eng 
072 7 |a 821.111-3  |x Anglická próza, anglicky psaná  |2 Konspekt  |9 25 
072 7 |a 821-93  |x Literatura pro děti a mládež (beletrie)  |2 Konspekt  |9 26 
080 |a 821.111(415)-31  |2 MRF 
080 |a 821-93-053.67  |2 MRF 
080 |a 821-93  |2 MRF 
080 |a (0:82-31)  |2 MRF 
100 1 |a Walsh, Chloe  |7 jo20241236769  |4 aut  |9 115691 
240 1 0 |a Saving 6.  |l Česky 
245 1 0 |a Kluci z Tommenu.  |p Saving 6 /  |c Chloe Walsh ; přeložila Jana Milotová 
246 3 |a Saving šest 
246 3 0 |a Saving 6 
250 |a Vydání první 
264 1 |a Praha :  |b Euromedia Group,  |c 2026 
300 |a 558 stran ;  |c 21 cm 
336 |a text  |b txt  |2 rdacontent 
337 |a bez média  |b n  |2 rdamedia 
338 |a svazek  |b nc  |2 rdacarrier 
490 1 |a Yoli 
500 |a Přeloženo z angličtiny 
500 |a Na hřbetu knihy uvedeno : kniha 3 
520 2 |a Volné pokračování young adult milostné série se zaměřením na psychické zdraví mladistvých, v níž se kluci z Tommenu potýkají s prvními láskami i vážnými problémy.  |b Joey Lynch celý život držel pohromadě rozpadající se rodinu. Poté, co starší bratr opustil město, stal se ochráncem matky a mladších sourozenců ve dvanácti letech on. Je naštvaný na celý svět, balancuje na hraně života v závislosti a jediným světlem v moři temnoty je pro něj dcera jeho šéfa. Aoife Molloyová je pořádný živel. Její jiskřivá a sebejistá povaha ji ještě nikdy nezklamala. Hned první den na střední škole se střetne s horkokrevným klukem, který v ní podnítí zvědavost. Spřátelí se s ním a současně se pouští do odhalování tajemství, která život Joeyho Lynche opřádají - zatímco ten se zoufale snaží jí v tom zabránit. Nakladatelská anotace. 
521 8 |a Pro čtenáře od 18 let 
655 7 |a irské romány (anglicky)  |7 fd132475  |2 czenas  |9 53646 
655 7 |a literatura young adult  |7 fd1185572  |2 czenas  |9 114939 
655 7 |a publikace pro mládež  |7 fd133157  |2 czenas  |9 110 
655 9 |a Irish fiction (English)  |2 eczenas 
655 9 |a young adult literature  |2 eczenas 
655 9 |a juvenile literature  |2 eczenas 
700 1 |a Milotová, Jana,  |d 1989-  |7 xx0282530  |4 trl  |9 115599 
710 2 |a Euromedia Group  |7 kn20100114009  |4 pbl  |9 117126 
765 1 |t Boys of Tommen 
787 0 8 |i Z cyklu:  |t Kluci z Tommenu  |g 3 
830 0 |a Yoli 
910 |a UOG502 
942 |2 ddc  |c KN 
999 |d 106328 
993 |0 0  |1 421180107049  |2 ddc  |4 0  |7 0  |9 99701  |b 0  |c 107049  |d 2026-05-13  |e 0  |f DOSP  |h 599.00  |i Koupě  |l DOSP  |r 2026-05-13  |t 6  |w 2026-05-13  |y KN  |z BELET  |n